Reforma systému sociálního zabezpečení a státní politiky zaměstnanosti z hlediska financování

Vývoj systému sociálneho zabezpečenia a štátnej politiky zamestnanosti v r. 1990-1995. Vývoj príjmov a výdavkov na sociálne zabezpečenie a štátnu politiku zamestnanosti v r. 1993-1995. Reforma sociálneho zabezpečenia.

Salvato in:
Dettagli Bibliografici
Autore principale: Fuchsová, J.
Altri autori: Uldrichová, V.
Natura: Capitolo di libro
Lingua:ceco
Soggetti:
Tags: Aggiungi Tag
Nessun Tag, puoi essere il primo ad aggiungerne!!

MARC

LEADER 00000naa a2200000 4500
001 r018507
005 20221205101713.8
041 0 |a cze 
044 |a CZ 
245 1 0 |a Reforma systému sociálního zabezpečení a státní politiky zaměstnanosti z hlediska financování  |c J. Fuchsová, V. Uldrichová 
520 |a Vývoj systému sociálneho zabezpečenia a štátnej politiky zamestnanosti v r. 1990-1995. Vývoj príjmov a výdavkov na sociálne zabezpečenie a štátnu politiku zamestnanosti v r. 1993-1995. Reforma sociálneho zabezpečenia. 
610 2 0 |a zabezpečenie sociálne 
610 2 0 |a politika zamestnanosti 
610 2 0 |a financovanie 
610 2 0 |a reformy sociálne 
610 2 0 |a 1990-1995 
610 2 0 |a príjmy 
610 2 0 |a výdavky 
100 1 |a Fuchsová, J. 
700 1 |a Uldrichová, V.